000 00450nam a2200169Ia 4500
008 230917s9999||||xx |||||||||||||| ||und||
020 _cEUR59.99
040 _e216469
_aMAIN
041 _aEnglish
082 _a572.838 S28I
100 _aSaitou, Naruya
245 0 _aIntroduction to evolutionary genomics
260 _aHeidelberg
_bSpringer
_c2013
300 _axxiii, 461 p.
500 _a1547 19/05/2014 47 20/05/2014 Main Budget
942 _cBK
999 _c11392
_d11392